Los Derechos del Hombre. Y la Ley Natural.
I tiakina i:
| Kaituhi matua: | |
|---|---|
| Ētahi atu kaituhi: | |
| Hōputu: | Pukapuka |
| Reo: | Pāniora |
| I whakaputaina: |
Buenos Aires, Argentina:
Leviatan,
1982.
|
| Ngā marau: | |
| Ngā Tūtohu: |
Tāpirihia he Tūtohu
Kāore He Tūtohu, Me noho koe te mea tuatahi ki te tūtohu i tēnei pūkete!
|
MARC
| LEADER | 00000nam a2200000 a 4500 | ||
|---|---|---|---|
| 001 | UCK5530 | ||
| 003 | CL-VaPUC | ||
| 005 | 20220822114522.0 | ||
| 008 | 050805e19610000AG |||||||||||||||||spa|d | ||
| 999 | |c 436325 |d 436323 | ||
| 040 | |c Pontificia Universidad Católica de Valparaíso | ||
| 082 | 0 | 4 | |a 194 MAR 1982 |2 21 |
| 100 | |a Maritain, Jacques |e autor |9 255680 | ||
| 245 | 1 | 4 | |a Los Derechos del Hombre. |b Y la Ley Natural. |
| 260 | |a Buenos Aires, Argentina: |b Leviatan, |c 1982. | ||
| 300 | |a 123 páginas. | ||
| 500 | |a c.1 Donación Familia Prof. Alejandro Guzmán Brito. | ||
| 583 | |a last modification |c 20050805 00:00:00 |k Catalogador Asistente | ||
| 650 | 0 | |a Derechos humanos |9 223025 | |
| 650 | 0 | |a Declaración internacional de los derechos del hombre |2 CL-VaPUC |9 494331 |y 1929 | |
| 650 | 0 | |a Derecho natural |9 255041 | |
| 700 | |a Miri, Héctor F. |e traducción |9 303085 | ||
| 942 | |c BK |2 ddc |n 0 | ||
| 952 | |0 0 |1 0 |2 ddc |4 0 |6 194_000000000000000_MAR_1982 |7 0 |8 C_AGB |9 584031 |a BIBDER |b BIBDER |d 2022-06-24 |e Donación |i 5652096 |o 194 MAR 1982 |p 5652096 |r 2023-01-25 |t 1 |w 2022-06-24 |y BK_US |k AGB | ||